000
00339nam a22001577a 4500
005
20160620124857.0
008
160620b xxu||||| |||| 00| 0 eng d
020
_a
0-19-567348-4
041
_a
eng
082
_b
8513
245
_a
Student Learness
260
_b
oxford
_c
2009
300
_a
734
650
_a
Management
_9
241
942
_c
BK
999
_c
3268
_d
3267